Statistieken voor Monumenten met afbeeldingen #2

Klik hier om de quiz te nemen!

Algemene statistieken

  • Deze quiz is 486 keer genomen
  • De gemiddelde score is 9 van 18

Antwoordstatistieken

Antwoord% Correct
Big Ben
95%
Louvre
93%
Sfinx van Gizeh
74%
Tower Bridge
74%
Notre Dame
73%
Acropolis
62%
Grand Canyon
62%
Niagarawatervallen
57%
Pantheon
46%
Sint-Pietersplein
46%
Angkor Wat
43%
Hagia Sophia
41%
Uluru
41%
Verboden Stad
38%
Lincolnmonument
28%
CN-Toren
22%
Basiliuskathedraal
14%
Rotskoepel
14%

Scoreverdeling

Percentiel versus Aantal Correcte Antwoorden

Procent van Mensen met Elke Score

Uw Scoregeschiedenis

U heeft deze quiz nog niet genomen